[Event "IIFL Wealth 4th Mumbai GM"]
[Site "Mumbai"]
[Date "2019.01.02"]
[Round "4"]
[White "Mohammad Fahad, Rahman"]
[Black "Saptarshi, Roy"]
[Result "1/2-1/2"]
[WhiteElo "2381"]
[BlackElo "2494"]
[Annotator "TA"]
[PlyCount "56"]
[EventDate "2018.12.30"]
[EventType "swiss"]
[EventCountry "IND"]
[SourceTitle "playchess.com"]
[Source "ChessBase"]
[SourceQuality "1"]

{[%evp 28,56,71,64,78,36,45,44,56,0,0,-483,0,0,0,0,0,0,0,0,0,0,0,0,0,0,0,0,0,0,0]} 1. e4 e5 2. Nf3 Nc6 3. Bb5 a6 4. Ba4 Nf6 5. O-O Be7 6. Re1 b5 7. Bb3 d6 {[%cal Bd7d6,Bd6d5,Bd5e4][%mdl 32]} 8. c3 O-O 9. h3 Na5 10. Bc2 d5 {C96: Closed Ruy Lopez: Chigorin Defence: 11 d4, replies other than 11...Qc7} (10... c5 11. d4 Nd7 12. d5 Nb6 13. Nbd2 Bd7 14. Nf1 Nb7 15. b3 a5 16. Rb1 c4 17. bxc4 Nxc4 18. a4 Qc7 19. axb5 Nb6 20. Be3 {0-1 (58) Hou,Y (2680)-Caruana,F (2811) Wijk aan Zee 2018}) 11. d4 dxe4 12. Nxe5 c5 13. Be3 Qc7 14. Nd2 Bb7 15. Bf4 {[#] LiveBook: 4 Games. Black must now prevent Ng6!} Bd6 {[#]} 16. Nxe4 $146 ({Predecessor:} 16. Bg3 cxd4 17. cxd4 Rac8 18. Rc1 {1-0 (39) Frolyanov,D (2568)-Kanaev,A (2033) Pavlodar 2015}) 16... Nxe4 17. Bxe4 {dxc5 is the strong threat.} f6 18. Bxh7+ ({Better is} 18. Nd7 $1 $14 Bxf4 19. Nxf8 Rxf8 20. dxc5) 18... Kxh7 $11 19. Qh5+ Kg8 20. Ng6 {The position is equal.} Rfe8 $1 21. Bxd6 Qxd6 22. dxc5 Qc7 23. Qh8+ Kf7 24. Qh5 {[#] Strongly threatening Rxe8.} Kg8 25. Qh8+ Kf7 26. Qh5 {aiming for Rxe8.} Kg8 27. Qh8+ Kf7 28. Qh5 {And now Rxe8 would win.} Kg8 1/2-1/2

[Event "IIFL Wealth 4th Mumbai GM"]
[Site "Mumbai"]
[Date "2019.01.02"]
[Round "4"]
[White "Sammed Jaykumar, Shete"]
[Black "Harshavardhan G B"]
[Result "1/2-1/2"]
[WhiteElo "2378"]
[BlackElo "2163"]
[Annotator "TA"]
[PlyCount "74"]
[EventDate "2018.12.30"]
[EventType "swiss"]
[EventCountry "IND"]
[SourceTitle "playchess.com"]
[Source "ChessBase"]
[SourceQuality "1"]

{[%evp 18,74,67,42,73,57,53,51,45,48,72,0,0,0,0,0,0,0,0,0,0,0,0,0,0,-6,25,20,31,14,12,18,17,18,18,18,23,14,16,-19,-19,-19,-21,-15,-21,-58,-22,-22,-20,-12,0,0,0,0,0,0,0,-15,-14]} 1. e4 c5 2. Nf3 d6 3. d4 cxd4 4. Nxd4 Nf6 5. Nc3 Nc6 6. Bg5 e6 7. Qd2 a6 8. O-O-O Bd7 9. f4 Qc7 10. Be2 {LiveBook: 7 Games. B67: Sicilian: Richter-Rauzer: 7...a6 8 0-0-0 Bd7, lines without 9 f4 Be7} (10. Bxf6 gxf6 11. f5 h5 12. Kb1 Bh6 13. Qf2 Nxd4 14. Qxd4 Bf4 15. fxe6 fxe6 16. Qxf6 Be5 17. Qg5 Bxc3 18. bxc3 Qxc3 19. Bd3 Qe5 {½-½ (19) Krause,B (2424)-Lanka,Z (2434) Kiel 2017}) 10... O-O-O 11. Bxf6 gxf6 12. Bh5 {White is slightly better.} Bh6 13. g3 Rhf8 $146 ({Predecessor:} 13... Be8 14. Kb1 Kb8 15. Qe2 Nxd4 16. Rxd4 Bc6 17. Rhd1 Rd7 18. f5 Qa5 19. Rxd6 Rxd6 20. Rxd6 {1-0 (32) Byvshev,V-Kuzminykh,E Leningrad (Russia) 1952}) 14. Ndb5 (14. Nb3 $16) 14... axb5 $11 15. Nxb5 {[%mdl 64] [#] Double Attack} Qa5 16. Nxd6+ Kc7 $1 ({Much worse is} 16... Kb8 17. Qxa5 Nxa5 18. Nxf7 $14) 17. Qxa5+ Nxa5 18. Nxf7 Rxf7 19. Bxf7 Rf8 20. Bh5 e5 21. Rhf1 Bh3 22. Rf2 f5 23. Re1 Bg4 24. Bxg4 fxg4 25. Kb1 exf4 26. gxf4 Rxf4 27. Ref1 Rxe4 28. b3 Nc6 29. Rf7+ Kb6 30. Rxh7 Bf4 31. Rf2 Re1+ {[%mdl 1024] Black has compensation.} 32. Kb2 {The position is equal.} Bc1+ 33. Kc3 Re3+ 34. Kc4 Re4+ 35. Kd3 Re3+ 36. Kc4 Re4+ 37. Kd5 Re5+ {Accuracy: White = 43%, Black = 59%.} 1/2-1/2

[Event "IIFL Wealth 4th Mumbai GM"]
[Site "Mumbai"]
[Date "2019.01.02"]
[Round "4"]
[White "Anuj Shrivatri"]
[Black "Rakshitta Ravi"]
[Result "1/2-1/2"]
[WhiteElo "2357"]
[BlackElo "2141"]
[Annotator "TA"]
[PlyCount "111"]
[EventDate "2018.12.30"]
[EventType "swiss"]
[EventCountry "IND"]
[SourceTitle "playchess.com"]
[Source "ChessBase"]
[SourceQuality "1"]

{[%evp 21,111,0,8,-33,-31,-41,-31,-35,-5,-41,0,21,17,0,49,-45,-35,-129,-27,-116,-100,-111,0,-186,-103,-223,-218,-223,-204,-183,-116,-119,-91,-219,-206,-259,-234,-275,-261,-311,-318,-295,-213,-181,-152,-163,-152,-165,-162,-162,-164,-168,-162,-165,-168,-162,-161,-160,-168,-450,-76,-127,-116,-104,-98,-111,-73,-85,-62,-62,-62,-62,-57,-59,-64,-91,-107,-115,-106,-97,-103,-135,-8,-395,0,0,0,0,0,0,0,0]} 1. Nf3 Nf6 2. c4 e6 3. g3 d5 4. Bg2 Be7 5. O-O O-O 6. b3 c5 7. Bb2 d4 8. e3 Nc6 9. exd4 cxd4 10. Re1 Qb6 11. d3 {A14: English Opening: 1...e6 with b3 by White} Nd7 {LiveBook: 8 Games} 12. a3 {Threatening b4.} a5 $1 13. Nbd2 {Black is slightly better.} e5 14. Qc2 f6 {[#]} 15. Nh4 $146 ({Predecessor:} 15. Ne4 Rd8 16. Rab1 Nc5 17. Nxc5 Bxc5 18. Bc1 Qc7 {1-0 (45) Harikrishna,P (2733)-Shankland,S (2656) Edmonton 2015}) 15... f5 (15... Nc5 $15) 16. Bd5+ $11 Kh8 17. Ndf3 g5 18. Ng2 (18. Bxc6 $1 $14 bxc6 19. Bxd4 $1 {[%mdl 512]} (19. Nxe5 Nxe5 20. Rxe5 Bf6 $17) 19... exd4 20. Rxe7 gxh4 21. Ng5) 18... Bf6 $1 $15 19. Rab1 (19. h4 $15) 19... h6 (19... Ne7 $17 20. h4 g4) 20. Bc1 (20. Be6 $1 $11 {was the only way to keep the balance.}) 20... Ne7 $17 21. h4 {[%cal Rh4g5]} g4 (21... Nxd5 $17 22. cxd5 g4) 22. Nh2 $2 (22. Nxd4 $1 $11 {and White has nothing to worry.} Nxd5 23. Nxf5) 22... Bg7 $36 {[%mdl 2048] Black has strong initiative.} (22... Nxd5 $19 23. cxd5 Bg7) 23. f3 (23. Nf4 $17) 23... Nxd5 $19 24. cxd5 gxf3 25. Nxf3 {[#]} Qd6 (25... e4 $1 $19 {[%mdl 512]} 26. Nh2 (26. dxe4 fxe4) 26... Nc5) 26. h5 $17 Qxd5 27. Nfh4 (27. Ngh4 $17) 27... Kh7 $1 $19 28. Ng6 Re8 $1 29. N2h4 Nf6 30. Qc7 Nxh5 31. Bf4 e4 32. Ne7 Qf7 33. Nexf5 Qxc7 34. Bxc7 Bxf5 $1 35. Nxf5 exd3 36. Red1 Be5 $1 {[%cal Re5c7]} 37. Bxe5 Rxe5 38. Nxd4 Nxg3 {Threatens to win with ...Rd8.} 39. Rxd3 Rg8 {Strongly threatening ...Nf5+.} 40. Rb2 $2 (40. Nf3 Ne4+ 41. Kf1 Ng3+ 42. Kg1 Ne4+ 43. Kf1 Ng3+ 44. Kg1) 40... Ne2+ $2 (40... Nf5+ $19 {has better winning chances.} 41. Kh1 Rd5) 41. Kf2 (41. Kf1 $142 Ng3+ 42. Kf2 Ne4+ 43. Kf3) 41... Nf4 42. Rg3 Rd8 43. Nf3 Rc5 44. Rd2 Rxd2+ 45. Nxd2 $17 {[%mdl 4096] Endgame KRN-KRN} Rc2 46. Ke1 h5 47. Rf3 Ne6 48. Rf5 Kg6 49. Rxa5 h4 50. Nf3 h3 51. Rb5 {[#]} Nd4 ({Black should try} 51... Ra2 $1 $17 {...Nd4! is the strong threat.} 52. Rb6 Kf5 53. Rxb7 Kf4) 52. Nxd4 $4 {[%mdl 8192] [#]} (52. Rb6+ $1 $11 {and White is okay.} Kh5 53. Nxd4) 52... Rc1+ $2 (52... h2 $3 $19 {[%cal Rh2h1][%mdl 512]} 53. Nxc2 h1=Q+ 54. Ke2 Qc6) 53. Kd2 $11 {Black must now prevent Rb6+.The position is equal.} h2 54. Kxc1 h1=Q+ 55. Kd2 Qh2+ 56. Kd3 {Accuracy: White = 25%, Black = 42%.} 1/2-1/2

[Event "IIFL Wealth 4th Mumbai GM"]
[Site "Mumbai"]
[Date "2019.01.02"]
[Round "4"]
[White "Tran, Minh Thang"]
[Black "Mohammad Nubairshah Shaikh"]
[Result "0-1"]
[WhiteElo "2342"]
[BlackElo "2437"]
[Annotator "TA"]
[PlyCount "82"]
[EventDate "2018.12.30"]
[EventType "swiss"]
[EventCountry "IND"]
[SourceTitle "playchess.com"]
[Source "ChessBase"]
[SourceQuality "1"]

{[%evp 14,82,20,0,37,0,17,4,22,22,24,31,27,18,30,51,50,34,24,-4,-2,-168,-168,-214,-214,-210,-210,-212,-212,-206,-209,-209,-195,-245,-225,-231,-218,-222,-222,-221,-208,-215,-172,-169,-168,-226,-193,-196,-165,-314,-313,-389,-376,-433,-422,-423,-419,-607,-610,-604,-596,-758,-747,-861,-837,-819,-758,-766,-763,-725,-724]} 1. Nf3 d5 2. e3 Nf6 3. c4 g6 4. b3 Bg7 5. Bb2 O-O 6. cxd5 {A06: Réti Opening:1 Nf3 d5} (6. Be2 c5 7. O-O dxc4 8. bxc4 Nc6 9. d3 b6 10. Nc3 Bb7 11. Rb1 e6 12. Qc2 Qe7 13. Nd2 Rfd8 14. a3 Ne8 15. f4 Nd6 16. Nce4 Nxe4 17. Nxe4 {0-1 (35) Kryvoruchko,Y (2710)-Anand,V (2803) Berlin 2015}) 6... Nxd5 7. Bxg7 Kxg7 8. Qc2 {LiveBook: 4 Games. The position is equal.} Nf6 $146 ({Predecessor:} 8... c6 9. Be2 Nd7 10. O-O e5 11. d3 Qe7 12. Nbd2 f6 13. Rac1 Rd8 {0-1 (62) Jorgensen,D (2164)-Adinolfi,V (2053) Ballerup 2018}) 9. Nc3 Nc6 {[%cal Bb8c6,Bc6b4,Bb4c2][%mdl 32]} 10. d4 Bf5 11. Qb2 Nb4 {Hoping for ...Nc2+.} 12. Rc1 Bd3 {Threatens to win with ...Bxf1.} 13. Rd1 Nc2+ 14. Kd2 Bxf1 15. Rhxf1 Nb4 16. Ke2 Qd6 $36 {[%mdl 2048] White should prevent ...Qa6+. Black has some pressure.} 17. a3 $2 (17. Ne5 $11 {and White is okay.}) 17... Qa6+ $19 18. Kd2 {[#]} Qd3+ $1 19. Kc1 {[#]} Qxf1 $1 {[%mdl 576] Deflection} 20. Rxf1 Nd3+ {[%mdl 64] Double Attack} 21. Kc2 Nxb2 22. Kxb2 Nd7 23. b4 a5 24. b5 c6 25. bxc6 bxc6 26. Na4 Rab8+ 27. Ka2 Rfc8 28. Rc1 Rb5 29. Nd2 (29. h3 {was called for.}) 29... h5 {[%cal Bh7h5,Bh5h4][%mdl 32]} 30. Ne4 h4 31. f4 (31. g4 $142) 31... Nf6 32. Nxf6 exf6 {[%mdl 4096] Endgame KRR-KRN} (32... Kxf6 $2 33. Nc5 $17) 33. Nc5 Rcb8 {aiming for ...Rb2+.} 34. Rc2 Rb1 35. Re2 (35. Na6 $142 R8b6 36. Nc7) 35... Rh1 {Black is clearly winning.} 36. h3 Rbb1 37. Nd3 Rbd1 38. Nf2 Rhe1 39. Rc2 Rc1 40. Rd2 Rxe3 41. Nd1 Re4 {Accuracy: White = 36%, Black = 73%.} 0-1

[Event "IIFL Wealth 4th Mumbai GM"]
[Site "Mumbai"]
[Date "2019.01.02"]
[Round "4"]
[White "Siva Mahadevan"]
[Black "Thrish Karthik"]
[Result "1/2-1/2"]
[WhiteElo "2333"]
[BlackElo "2168"]
[Annotator "TA"]
[PlyCount "132"]
[EventDate "2018.12.30"]
[EventType "swiss"]
[EventCountry "IND"]
[SourceTitle "playchess.com"]
[Source "ChessBase"]
[SourceQuality "1"]

{[%evp 17,132,22,16,-30,18,18,15,0,0,0,16,0,0,0,0,0,0,-4,0,-43,-45,-47,-45,-45,-3,-12,0,-5,0,0,0,-6,-8,-2,-2,-8,-4,-6,-10,-2,-2,-10,-13,-19,0,-12,-7,-18,-15,-19,-15,-31,0,0,20,11,102,96,104,104,125,59,59,59,59,0,84,41,37,33,114,114,158,114,114,114,114,114,114,114,114,114,114,114,114,114,114,114,114,114,148,148,148,148,369,148,148,148,161,161,168,158,168,106,106,106,114,8,8,8,8,8,8,8,8,8,8]} 1. e4 e5 2. Nf3 d6 3. d4 exd4 4. Nxd4 Nf6 5. Nc3 Be7 6. Bf4 O-O 7. Qd2 c6 {C41: Philidor Defence} (7... d5 8. Ndb5 Bb4 9. O-O-O c6 10. Nc7 Nxe4 11. Qd4 Bxc3 12. bxc3 Qe7 13. c4 Qa3+ 14. Qb2 Qa5 15. cxd5 Nxf2 {1-0 (29) Ragger,M (2644)-Schneider,I (2509) Austria 2017}) 8. Be2 Re8 9. O-O Bf8 {LiveBook: 5 Games} 10. Rfe1 Nbd7 {[%cal Bb8d7,Bd7e5,Be5g6][%mdl 32]} 11. Bf1 Ne5 12. Rad1 $146 ({Predecessor:} 12. h3 b5 13. a3 Bd7 14. Re3 a5 15. Rae1 b4 16. Nd1 {0-1 (53) Guerra Mendez,J (2464)-Almeida Quintana,O (2538) Merida 2011}) 12... Ng6 13. Be3 Qc7 14. f3 Bd7 15. Bg5 Be7 16. Nf5 Bxf5 $1 17. exf5 Ne5 18. Bxf6 Bxf6 19. Ne4 Bh4 20. Ng3 Bxg3 21. hxg3 d5 22. b3 Qd6 23. c4 {[#]} d4 $1 {[%mdl 512]} 24. Re4 (24. Qxd4 Nxf3+) 24... c5 25. Rde1 {Hoping for f4.} Re7 26. f4 Nc6 27. Rxe7 Nxe7 28. Bd3 Nc6 29. a3 Kf8 30. Qe2 Qe7 31. Qd1 Qf6 32. Qh5 h6 33. Qe2 Qe7 34. Qd2 Qf6 35. b4 cxb4 36. axb4 {[%cal Ba3b4,Bb4b5][%mdl 32]} Re8 (36... Rd8 $11) 37. b5 $1 $16 Rxe1+ 38. Qxe1 Ne7 39. Qa5 (39. c5 $16) 39... Qb6 $14 40. Qxb6 axb6 {[%mdl 4096] Endgame KB-KN} 41. Be4 (41. Kf2 $14) 41... Nc8 (41... Ng8 $11) 42. Bxb7 Nd6 43. Bd5 $1 d3 ({Better is} 43... Ke7 $1 $14) 44. Kf2 $16 Nxf5 45. g4 d2 46. Ke2 Nd4+ 47. Kxd2 Nb3+ 48. Ke3 Ke7 49. Ke4 Nc5+ 50. Kf5 g6+ 51. Ke5 f6+ 52. Kd4 g5 53. g3 Kd6 54. Bg8 Nb3+ 55. Ke4 {Strongly threatening Kf5.} Ke7 $2 (55... gxf4 $16 56. gxf4 Nc5+ 57. Kf5 Nd3) 56. Bd5 (56. Kd5 $18 {and the rest is easy.}) 56... Nc5+ 57. Kf5 Nd3 58. Bg8 Nc5 59. Kg6 Nd3 {[#]} 60. Kxh6 ({White should play} 60. f5 $1 $18) 60... gxf4 61. gxf4 Nxf4 {[#]} 62. c5 (62. Bd5 $1 $16) 62... bxc5 $11 {The position is equal.} 63. Kg7 {Black must now prevent b6.} Nh3 64. b6 {Intending b7 and mate.} Kd6 65. b7 Kc7 66. Kxf6 Nf2 {Accuracy: White = 56%, Black = 50%.} 1/2-1/2

[Event "IIFL Wealth 4th Mumbai GM"]
[Site "Mumbai"]
[Date "2019.01.02"]
[Round "4"]
[White "Srihari L R"]
[Black "Snehal, Bhosale"]
[Result "1-0"]
[WhiteElo "2316"]
[BlackElo "2135"]
[Annotator "TA"]
[PlyCount "33"]
[EventDate "2018.12.30"]
[EventType "swiss"]
[EventCountry "IND"]
[SourceTitle "playchess.com"]
[Source "ChessBase"]
[SourceQuality "1"]

{[%evp 10,33,27,16,70,67,117,119,126,128,168,172,168,95,104,101,95,92,104,99,216,220,216,186,654,663]} 1. Nf3 d5 2. c4 d4 3. e3 c5 4. b4 dxe3 5. fxe3 cxb4 6. a3 {[#] LiveBook: 4 Games. A09: Réti Opening: 1 Nf3 d5 2 c4} e5 $1 {[%mdl 512]} 7. Nxe5 $146 ({Predecessor:} 7. axb4 Bxb4 8. Qa4+ Nc6 9. Nxe5 Nge7 10. Nf3 O-O 11. Be2 a5 12. O-O Bg4 13. d4 {0-1 (58) Iturrizaga Bonelli,E (2641)-Gelfand,B (2741) Berlin 2015}) 7... Qh4+ 8. g3 {White is better.} Qe4 $1 {[%csl LRe5,LRh1]} 9. Nf3 $1 Bg4 10. Bg2 $1 {[%cal Bf1g2,Bg2f3,Bf3c6][%mdl 32]} Nc6 {[#]} 11. d3 (11. d4 $1 $18) 11... Qe6 $16 12. O-O Nf6 13. Qa4 {aiming for axb4.} Bxf3 14. Bxf3 h5 (14... Be7 $16) 15. d4 $18 {Strongly threatening d5.} Qxc4 {[#]} 16. axb4 $1 {[%mdl 64] Overworked Piece} Qxb4 $2 (16... Rc8 17. b5 Qxa4 18. Rxa4 Nd8 19. Rxa7 h4) 17. Bxc6+ {Accuracy: White = 92%, Black = 30%.} 1-0

[Event "IIFL Wealth 4th Mumbai GM"]
[Site "Mumbai"]
[Date "2019.01.02"]
[Round "4"]
[White "Kathmale, Sameer"]
[Black "Khusenkhojaev, Muhammad"]
[Result "1/2-1/2"]
[WhiteElo "2312"]
[BlackElo "2455"]
[Annotator "TA"]
[PlyCount "148"]
[EventDate "2018.12.30"]
[EventType "swiss"]
[EventCountry "IND"]
[SourceTitle "playchess.com"]
[Source "ChessBase"]
[SourceQuality "1"]

{[%evp 20,148,76,81,88,86,88,78,82,48,67,42,64,62,59,29,0,-91,-106,-151,-151,-152,-141,-206,-122,-128,-127,-120,-122,-150,-148,-143,-136,-143,-142,-144,-143,-169,-166,-160,-163,-143,-103,-110,-106,-106,-107,-104,-107,-103,-93,-105,-101,-107,-107,-129,-129,-129,-129,-129,-126,-118,-111,-108,-99,-115,-101,-99,-99,-139,-143,-146,-146,-146,-146,-152,-173,-195,-211,-277,-143,-242,-166,-156,-160,-169,-183,-186,-152,-137,-162,-545,-534,-531,-527,-526,-486,-455,-437,-396,-262,-327,-8,-8,-8,-8,-8,-10,0,0,0,0,0,0,0,0,0,0,0,0,0,0,0,0,0,0,0,0,0,0,0]} 1. e4 e5 2. Nf3 Nc6 3. d4 exd4 4. Nxd4 Bc5 5. Nb3 Bb6 6. Nc3 Nf6 7. Qe2 {C45: Scotch Game} d6 (7... a5 8. e5 O-O 9. exf6 a4 10. Nd5 Re8 11. Be3 axb3 12. Qg4 g6 13. Bc4 Nb4 14. Nxb4 d5 {½-½ (29) Saric,I (2692)-Malakhov,V (2654) Zagreb 2018}) 8. Be3 Bxe3 9. Qxe3 O-O 10. O-O-O Re8 11. f3 {LiveBook: 4 Games} Qe7 12. g4 {[%cal Bg2g4,Bg4g5][%mdl 32]} Be6 13. g5 Nd7 14. f4 $146 ({Predecessor:} 14. h4 Rad8 {0-1 (39) Russell,P (1922)-Ball,C (1874) Cammeray 2018}) 14... Nb6 15. Nd4 Nxd4 16. Qxd4 Rad8 17. Rg1 d5 18. Bb5 (18. e5 $11 {remains equal.}) 18... c6 $1 $17 19. f5 dxe4 {[%mdl 64] Discovered Attack, Overworked Piece} (19... cxb5 20. fxe6 dxe4 21. Qxe4 $11) 20. Qxe4 Rxd1+ ({Don't play} 20... cxb5 21. fxe6 fxe6 22. g6 $15) 21. Nxd1 (21. Kxd1 $17 {was called for.} Qc5 22. Re1 cxb5 23. fxe6 Rxe6 24. Qf4) 21... cxb5 (21... Qc5 $19 22. Re1 Qxb5 23. fxe6 Qxg5+ 24. Qe3 Qxe3+ 25. Rxe3 Rxe6 26. Rxe6 fxe6) 22. fxe6 Qxe6 23. Qxe6 Rxe6 {[%mdl 4096] Endgame KRN-KRN} 24. Kd2 Nc4+ 25. Kc3 Kf8 26. a4 Nd6 27. axb5 Nxb5+ 28. Kd3 Rd6+ 29. Ke3 Nd4 30. c3 Nf5+ 31. Kf4 g6 32. Ne3 Nxe3 33. Kxe3 {KR-KR} Re6+ 34. Kd3 f6 35. gxf6 Rxf6 36. Ke3 Re6+ 37. Kf3 Rb6 38. Rg2 Ke7 39. Ke4 Ke6 40. b4 Rb5 41. Kd4 Rd5+ 42. Ke4 Rh5 43. Kd4 Kd6 44. Kc4 a6 45. Rd2+ Kc6 46. Rf2 Rh4+ 47. Kb3 g5 {[%cal Bg6g5,Bg5g4][%mdl 32]} 48. Ka4 Rh3 49. Rf6+ {[#]} Kc7 ({Black should play} 49... Kd7 $1 $19 50. Rf7+ Ke6 51. Rxb7 Rxh2) 50. Rf2 (50. Rf7+ $17 Kb6 51. Rg7) 50... g4 51. c4 h5 52. c5 Rf3 53. Re2 {[#]} b5+ $1 54. cxb6+ Kxb6 55. Re5 $2 (55. Re6+ {nothing else works.} Kb7 56. Re2) 55... Rh3 $19 56. Re2 Kc6 57. Rd2 Re3 58. Rc2+ Kd6 59. Ka5 Ra3+ 60. Kb6 Ra4 $2 (60... Rb3 $19 61. Ka5 Ke6) 61. Rc6+ $11 {The position is equal.} Ke5 62. b5 axb5 63. Rc5+ Kd4 64. Rxh5 b4 65. Kb5 Ra1 66. Rh4 b3 {Hoping for ...Rg1.} 67. Rxg4+ Kc3 68. Rg3+ Kc2 69. Rg2+ Kc1 70. Kb4 {Threatening mate with Kc3.} b2 71. Rg1+ Kc2 (71... Kd2 $5 72. Rg2+ $8 Kc1 73. Rg1+ Kc2 74. Rg2+ Kc1 $11) 72. Rg2+ Kc1 73. Rg1+ Kc2 (73... Kd2 $5 74. Rg2+ $8 Kc1 $11) 74. Rg2+ Kc1 {Accuracy: White = 65%, Black = 69%.} 1/2-1/2

[Event "IIFL Wealth 4th Mumbai GM"]
[Site "Mumbai"]
[Date "2019.01.02"]
[Round "4"]
[White "Srijit Paul"]
[Black "Thipsay, Bagyashree Sathe"]
[Result "1-0"]
[WhiteElo "2298"]
[BlackElo "2028"]
[Annotator "TA"]
[PlyCount "65"]
[EventDate "2018.12.30"]
[EventType "swiss"]
[EventCountry "IND"]
[SourceTitle "playchess.com"]
[Source "ChessBase"]
[SourceQuality "1"]

{[%evp 21,65,31,43,40,75,71,75,79,78,91,87,71,89,69,68,70,124,115,91,62,78,72,73,87,151,137,226,214,204,222,191,129,276,285,314,356,270,243,437,332,310,187,512,545,550,428]} 1. e4 c6 2. d4 d5 3. Nc3 dxe4 4. Nxe4 Nf6 5. Nxf6+ exf6 6. c3 Bd6 7. Bd3 O-O 8. Qc2 Re8+ 9. Ne2 h6 10. O-O Qc7 {B15: Caro-Kann: 3 Nc3: 3...g6 and 3...dxe4 4 Nxe4 Nf6 5 Nxf6+ exf6} 11. Ng3 Be6 {LiveBook: 4 Games} (11... Nd7 12. Bd2 Nf8 13. Rfe1 Be6 14. c4 Rad8 15. Bc3 h5 16. b3 h4 17. Nf1 Bc8 18. Rxe8 Rxe8 {1-0 (53) Mekhitarian,K (2545)-Leitao,R (2619) Foz do Iguacu 2018}) 12. c4 {[%cal Bc3c4,Bc4c5][%mdl 32]} Nd7 {White is slightly better.} 13. f4 {[%cal Bf2f4,Bf4f5][%mdl 32]} Nf8 14. c5 Be7 15. f5 Bd5 16. Bf4 Qd7 17. Rad1 $146 ({Predecessor:} 17. Qf2 Nh7 18. h4 {1-0 (43) Tomnikova,L (2172)-Goryachkina,A (2432) Vladivostok 2014}) 17... Nh7 18. h4 $36 {[%mdl 2048] Black is under pressure.} Bf8 (18... b6 $14) 19. a4 $16 b6 20. b4 a5 $1 {[%cal Ra5b4]} 21. b5 (21. cxb6 $6 axb4 22. Bc4 Bxc4 $11) 21... Qa7 {[%cal Rb6c5]} 22. Rb1 {And now bxc6 would win.} Rac8 ({Black should play} 22... cxb5 23. c6 (23. Rxb5 bxc5 24. Rc1 Bc6 $11) (23. axb5 a4 $14) 23... b4) 23. Ne4 Qd7 {[#]} (23... Qa8 $16 {was called for.}) 24. Nd6 $1 $18 {[%cal Rd6e8]} Bxd6 25. Bxd6 Nf8 26. Qf2 (26. Rfe1 $18) 26... Qd8 (26... cxb5 $16 27. Rxb5 (27. Bxb5 Bc6 $16) 27... bxc5 28. dxc5 (28. Bxc5 Ra8 $14) 28... Bc6) 27. Rfe1 Nd7 28. Rxe8+ Qxe8 29. bxc6 Bxc6 $2 {[#]} (29... Rxc6 30. Re1 Qc8) 30. cxb6 Bb7 31. Bb5 Rc3 $2 (31... Qe4 {is more resistant.} 32. Re1 Qd5) 32. Re1 Qc8 {If Black can now play ...Rc2 this consolidates a bit.} 33. Bc7 {Precision: White = 82%, Black = 35%.} 1-0

[Event "IIFL Wealth 4th Mumbai GM"]
[Site "Mumbai"]
[Date "2019.01.02"]
[Round "4"]
[White "Konguvel, Ponnuswamy"]
[Black "Lama, Milan"]
[Result "1-0"]
[WhiteElo "2282"]
[BlackElo "1897"]
[Annotator "TA"]
[PlyCount "58"]
[EventDate "2018.12.30"]
[EventType "swiss"]
[EventCountry "IND"]
[SourceTitle "playchess.com"]
[Source "ChessBase"]
[SourceQuality "1"]

{[%evp 23,58,44,43,28,43,50,43,42,45,37,37,3,30,33,70,75,76,79,89,70,180,148,200,120,424,398,412,391,399,358,358,-3273,-873,-1621,29989,29990,29993]} 1. e4 c5 2. Nf3 g6 3. d4 cxd4 4. Nxd4 Bg7 5. c4 Nc6 6. Be3 Nh6 {[%cal Bg8h6,Bh6f5,Bf5d4][%mdl 32]} 7. Nc3 O-O 8. Be2 f5 9. exf5 Bxd4 {B38: Sicilian: Maroczy Bind with 5...Bg7 and 7...0-0} 10. Bxd4 (10. Bxh6 Rxf5 11. O-O d6 12. Qd2 Qa5 13. Be3 Qe5 14. Bxd4 Qxd4 15. Rad1 Qxd2 16. Rxd2 Be6 17. f4 Raf8 18. g3 Bc8 19. b3 Kg7 {1-0 (33) Wen,Y (2608)-Gholami,A (2489) Moscow 2018}) 10... Nxf5 11. Bc5 d6 12. Ba3 Nfd4 {LiveBook: 7 Games} 13. Bd3 Bf5 14. O-O Qd7 15. Nd5 $146 ({Predecessor:} 15. Bxf5 Rxf5 16. Ne4 Raf8 17. Ng3 {½-½ (42) Sismeiro,M (1528)-Figueiredo,B (1914) Vila Nova de Gaia 2017}) 15... e5 16. f3 Rf7 17. b4 Be6 18. Be4 Raf8 19. Bb2 Nf5 20. Qd2 Qd8 21. Rad1 Kg7 ({Black should play} 21... Nce7 $14) 22. Rf2 Rd7 (22... Kg8 $16 23. Bxf5 Bxf5) 23. Nf4 Rf6 $2 {[%mdl 8192]} (23... Bxc4 $16 24. b5 Ncd4) 24. Bxc6 $18 bxc6 {[#]} 25. Bxe5 $1 {[%mdl 512]} Bxc4 (25... dxe5 26. Nxe6+) 26. g4 dxe5 27. Qd4 $4 {[%mdl 8192]} (27. Qxd7+ $18 Qxd7 28. Rxd7+ Rf7 29. Rxf7+ Kxf7 30. gxf5 exf4 31. fxg6+ hxg6 32. Rc2) 27... Rdd6 28. Qxd6 Qd7 $4 {[%mdl 8192] [#]} (28... Nxd6 $19 29. Nh3 Qb6) 29. Qxd7+ Ne7 {Accuracy: White = 55%, Black = 19%.} 1-0